000 00571nam a2200181Ia 4500
008 151018s9999 xx 000 0 und d
082 _bRBASDV11712
_a891.463
100 _aशैलजा राजे
245 _aपराधीन आहे जगती
250 _b1
260 _bश्री गणराज
_c1976
300 _a168
600 _aशैलजा राजे
630 _aपराधीन आहे जगती
700 _aशैलजा राजे
730 _aपराधीन आहे जगती
942 _cBOOK
999 _c1014054
_d1014051